Management information systems /
Explores the core concepts of management information systems through managerial applications and supplements them with detailed case studies. For MBA students it is useful as a comprehensive textbook on the strategic use of information systems (IS) for decision making in organizations.
محفوظ في:
| المؤلف الرئيسي: | |
|---|---|
| مؤلفون آخرون: | |
| التنسيق: | كتاب |
| منشور في: |
New Delhi :
Oxford University Press ,
c 2006.
|
| الموضوعات: | |
| الوسوم: |
إضافة وسم
لا توجد وسوم, كن أول من يضع وسما على هذه التسجيلة!
|
MARC
| LEADER | 00000nam a2200000 4500 | ||
|---|---|---|---|
| 020 | |a 9780195669855 |c TZS 18,000/= | ||
| 040 | |a MUL |b eng |e AACR | ||
| 082 | |a 658.4038 JAI | ||
| 100 | |a Jaiswal, Mahadeo | ||
| 245 | |a Management information systems / |c Mahadeo Jaiswal and Monika Mital | ||
| 260 | |a New Delhi : |b Oxford University Press , |c c 2006. | ||
| 300 | |a xvi, 623 p . : |b ill , |c 25 cm. | ||
| 500 | |a Includes index. | ||
| 520 | |a Explores the core concepts of management information systems through managerial applications and supplements them with detailed case studies. For MBA students it is useful as a comprehensive textbook on the strategic use of information systems (IS) for decision making in organizations. | ||
| 546 | |a eng. | ||
| 650 | |a Knowledge management | ||
| 650 | |a Management information systems | ||
| 700 | |a Mital Monika | ||
| 942 | |c BK | ||
| 999 | |c 5396 |d 5396 | ||